Compendium of soil fungi /

Volume 1 comprises short monographs on about 400 species, providing an exhaustive treatment of the taxonomy, ecology and physiology of individual species. Included in the monographs are descriptions, and many line drawings, photographs and scanning electron micrographs, to aid identification. The ec...

Descripción completa

Guardado en:
Autor Principal: Domsch, K. H.
Otros Autores: Gams, W., Anderson, Traute Heidi.
Formato: Libro
Idioma:English
Publicado: London ; New York : Academic Press, 1980.
Materias:
Etiquetas: Agregar Etiqueta
Sin Etiquetas, Sea el primero en etiquetar este registro!
LEADER 02199cam a2200349 a 4500
001 EEA.libagro010033
008 810108s1980####enka#####b####001#0#eng##
005 20191206094930.0
245 1 0 |a Compendium of soil fungi /  |c by K. H. Domsch, W. Gams, Traute-Heidi Anderson. 
260 |a London ;  |a New York :  |b Academic Press,  |c 1980. 
300 |a 2 v. :  |b il. ;  |c 26 cm. 
336 |a text  |b txt  |2 rdacontent 
337 |a unmediated  |2 n  |b rdamedia 
338 |a volume  |b nc  |2 rdacarrier 
504 |a Incluye referencias bibliográficas e índice. 
520 |a Volume 1 comprises short monographs on about 400 species, providing an exhaustive treatment of the taxonomy, ecology and physiology of individual species. Included in the monographs are descriptions, and many line drawings, photographs and scanning electron micrographs, to aid identification. The ecological sections within the monographs contain information on the geographical distribution of each fungus, macro- and micro-habitats, nutrient requirements, susceptibility to antagonism and predation, and other information of ecological relevance. The monographs are completed by details of the conditions necessary for growth and reproduction, the capacity of the fungus for enzymic degradation, its metabolic products and its pathogenic potential. 
520 |a Volume 2 contains a classification of, and keys to, the genera treated. Most of the volume (pages 19-390) consists of a list of literature references (over 6000) to publications to which reference was made in compiling Volume 1. An index of fungal names is provided. 
020 |a 0122204018 (v. 1) 
020 |a 0122204026 (v. 2) 
100 1 |a Domsch, K. H.  |q (Klaus Heinz) 
700 1 |a Gams, W.  |q (Walter). 
700 1 |a Anderson, Traute Heidi. 
082 0 0 |a 589.209148 
650 7 |a Hongos del suelo  |2 agrovoc 
650 7 |a Flora del suelo  |2 agrovoc 
650 7 |a Mycorrhizae  |2 agrovoc 
650 7 |a Ciencia del suelo  |2 agrovoc 
010 |a  80041403  
040 |a DLC  |c DLC  |d DLC 
050 0 0 |a QR111  |b .D64 
859 |a AR-BbBCA  |b BIB. AGRONOMIA  |h 589.209148  |i D673  |p 1988/1135  |v Vol. 1  |3 Vol. 1 
859 |a AR-BbBCA  |b BIB. AGRONOMIA  |h 589.209148  |i D673  |p 1988/1136  |v Vol. 2  |3 Vol. 2